|
|
|
|
| LEADER |
02250nam a2200301 a 4500 |
| 003 |
AR-BeUNQ |
| 005 |
20191226124712.0 |
| 008 |
170524s2017 ag a|||| |||| 000 0 spa d |
| 999 |
|
|
|c 28747
|d 112547
|
| 040 |
|
|
|a AR-BeUNQ
|e aacr
|
| 082 |
0 |
4 |
|a 323
|2 21
|
| 245 |
0 |
0 |
|a Memoria y derechos humanos :
|b continuidades, vigencia y presente del "Nunca más" /
|c María Sonderéguer y Alejandro Kaufman (compiladores)
|
| 260 |
|
|
|a Bernal :
|b Universidad Nacional de Quilmes,
|c 2017.
|
| 300 |
|
|
|a 268 p. :
|b il. ;
|c 23 cm.
|
| 490 |
1 |
|
|a Derechos Humanos / dirigida por María Sonderéguer y Baltazar Garzón
|
| 504 |
|
|
|a Incluye bibliografía.
|
| 505 |
|
|
|a Memoria y revolución / Nicolás Casullo -- Derechos humanos, política y genocidio / Daniel Feierstein -- En vísperas del 24 de marzo. Declaración normativa y actuación judicial frente al genocidio / Hugo Cañon -- Memoria y resistencia : el archivo Oyneg Shábes / Perla Sneh -- El siluetazo / Ana Longoni -- Bibliocastías / Hernán Invernizzi -- Memorias obturadas: algunas notas sobre la violencia de género / María Sonderéguer -- Abrir las puertas. Sentidos y representaciones de la sobrevivencia y la culpa en los relatos de las ex presas políticas del penal de Villa Deboto / Silvina Merenson -- Abandonados a "lo sin decir". Niños sustraídos en los años del terror de Estado / Marcelo Percia -- Universidad pública y cultura en la Argentina (1976-1983) / Noemí M. Girbal-Blacha -- Treinta años después / Elina Aguiar -- La transmisión de la (s) memoria(s) del terrorismo de estado: los jóvenes en (la) disputa / Sandra Raggio -- Nunca más: experiencia colectiva y legado argentino de la memoria / Alejandro Kaufman.
|
| 650 |
|
7 |
|a Derechos humanos
|2 spines
|
| 650 |
|
7 |
|a Terrorismo de estado
|2 tha
|
| 650 |
|
7 |
|a Justicia legal
|2 spuines
|
| 651 |
|
7 |
|a Argentina
|2 spines
|
| 700 |
1 |
|
|9 2249
|a Sonderéguer, María,
|d 1953-
|
| 700 |
1 |
|
|a Kaufman, Alejandro,
|d 1954-
|9 1943
|
| 929 |
|
|
|a PASE
|b Editorial UNQ
|d 0
|e 20170419
|f PAT0066950
|g P252
|h 1
|j 55827
|
| 929 |
|
|
|a PASE
|b Editorial UNQ
|d 0
|e 20170419
|f PAT0066951
|g P252
|h 2
|j 55828
|
| 929 |
|
|
|a PASE
|b Editorial UNQ
|d 0
|e 20170419
|f PAT0066952
|g P252
|h 3
|j 55829
|
| 929 |
|
|
|a PASE
|b Editorial UNQ
|d 0
|e 20170419
|f PAT0066953
|g P252
|h 4
|j 55830
|
| 942 |
|
|
|c LIB
|n 0
|